000 01088nam a22002657a 4500
005 20240530110439.0
008 150418s2010 ua g b 000 0 ara d
017 _a2010/7325
_bمصر . دار الكتب المصرية
020 _a9789774276019
040 _aEG-CaGPL
082 0 4 _221
_a025.316\
_bم ف
100 0 _aمحمد فتحى عبدالهادى
245 1 2 _aالفهرسة فى البيئة الالكترونية /
_cمحمد فتحى عبدالهادى ، نبيلة خليفة جمعة .
250 _aط1.
260 _aالقاهرة :
_bالدار المصرية اللبنانية ،
_c2010.
300 _a272 ص ؛
_c24 سم.
504 _aيشتمل على ارجاعات ببليوجرافية
650 0 4 _aالفهرسة الالية .
650 0 4 _aالفهرسة
_xتعليم وتدريس
650 0 4 _aالفهرسة اثناء النشر
650 0 4 _aالترقيمات الدولية الموحدة
700 0 _aنبيلة خليفة جمعة .
_eمؤلف مشارك.
942 _2ddc
_cBK
999 _c61010
_d61010